| 000 | 00487nam a2200157Ia 4500 | ||
|---|---|---|---|
| 003 | IQ-KOUCL | ||
| 041 | _aArabic | ||
| 082 | _a340,345 cut-547 م | ||
| 100 | _a20260118u\\\\\\\\\\\y0engy0103\\\\ba | ||
| 100 | _aنورالدين فارس مشرف | ||
| 245 | 0 | _aالجزاءات التاديبية الناشئة عن الخطا الاداري | |
| 250 | _aط1 | ||
| 260 |
_bهاتريك للنشر والتوزيع _aاربيل - العراق _c2023 |
||
| 300 | _a200 | ||
| 942 | _cBk | ||
| 999 |
_c187437 _d187437 |
||